Circuitos electrónicos : an lisis, diseño y simulación / N.R. Malik (Registro nro. 16867)
[ vista simple ]
| 000 -LÍDER | |
|---|---|
| fixed length control field | 00457nam a2200145 4500 |
| 008 - ELEMENTOS DE LONGITUD FIJA -- INFORMACIÓN GENERAL | |
| fixed length control field | 0 1996 0ant 000 0ESP |
| 020 ## - NÚMERO INTERNACIONAL NORMALIZADO PARA LIBROS | |
| ISBN | 84-89-660-03-4 |
| 050 ## - SIGNATURA TOPOGRAFICA DE LA BIBLIOTECA DEL CONGRESO (LC) | |
| Número de Clasificación | TK7867 M3218 1996 |
| 082 ## - NUMERO DE CLASIFICACION DECIMAL DEWEY | |
| Número de Clasificación | 621.381.078 M251c |
| 100 ## - ASIENTO PRINCIPAL--NOMBRE PERSONAL | |
| Nombre personal | Malik, N. R. |
| 245 ## - TÍTULO | |
| Título | Circuitos electrónicos : an lisis, diseño y simulación / N.R. Malik |
| 260 ## - PUBLICACIÓN, DISTRIBUCIÓN, ETC. (PIE DE IMPRENTA) | |
| Lugar de publicación, distribución, etc. | Madrid, España : Pearson Educación |
| 300 ## - DESCRIPCIÓN FÍSICA | |
| Extensión | 1138 p. / 27 cm. |
| 650 ## - ASIENTO SECUNDARIO DE MATERIA - TERMINO TEMÁTICO | |
| Término temático o nombre geográfico como elemento de entrada | 1.CIRCUITOS ELECTRONICOS |
| No. biblioteca | No. biblioteca | Número de clasificación | Código de barras/Número de adquisición | Número de copia | Tipo de material |
|---|---|---|---|---|---|
| LUIS G. INCLAN | LUIS G. INCLAN | 621.381.078 M251c | 43122 | 1 | Libros |
| LUIS G. INCLAN | LUIS G. INCLAN | 621.381.078 M251c | 43123 | 2 | Libros |
| LUIS G. INCLAN | LUIS G. INCLAN | 621.381.078 M251c | 43124 | 3 | Libros |
